Propuesta : (Record no. 22220)

000 -CABECERA
fixed length control field 01014nam a22002177a 4500
003 - IDENTIFICADOR DEL NÚMERO DE CONTROL
control field AR-CdUCM
008 - DATOS DE LONGITUD FIJA--INFORMACIÓN GENERAL
fixed length control field 190425b ||||| |||| 00| 0 spa d
040 ## - FUENTE DE LA CATALOGACIÓN
Agencia/entidad que catalogó originalmente la obra MUNICIPALIDAD PROVINCIAL DEL CUSCO
Entidad que transcribió la catalogación BIBLIOTECA MUNICIPAL DEL CUSCO
082 ## - NÚMERO DE LA CLASIFICACIÓN DECIMAL DEWEY
No. de Clasificación Propuesta/N°7/2001
245 ## - MENCIÓN DE TÍTULO
Título Propuesta :
Resto del título revista de opinión de los estudiantes de la carrera Profesional de Derecho /
260 ## - PUBLICACIÓN, DISTRIBUCIÓN, ETC.
Lugar de publicación, distribución, etc. Cusco.
Nombre de la editorial, distribuidor, etc. Universitaria,
Fecha de publicación, distribución, etc. 2021.
300 ## - DESCRIPCIÓN FÍSICA
Nº de Páginas Extensión 22 páginas. :
Dimensiones 30 cm.
440 ## - MENCIÓN DE SERIE/PUNTO DE ACCESO ADICIONAL--TÍTULO
Título Propuesta.
Número de la parte/sección de una obra Año III, N°7,2001
9 (RLIN) 47670
505 ## - NOTA DE CONTENIDO CON FORMATO
Nota de contenido formateada Contenido: Breve comentario de la ley de los derechos de participación y control de ciudadanos Ley N°26300. -- El ser abogado. -- La corrupción en el Perú. -- Montesinos ante la encrucijada legal. -- El Islam una religión poco comprendida. ...
650 ## - PUNTO DE ACCESO ADICIONAL DE MATERIA--TÉRMINO DE MATERIA
Descriptor Ciencias jurídicas
9 (RLIN) 15945
650 ## - PUNTO DE ACCESO ADICIONAL DE MATERIA--TÉRMINO DE MATERIA
Descriptor Derecho peruano
9 (RLIN) 21203
710 ## - PUNTO DE ACCESO ADICIONAL--NOMBRE DE ENTIDAD CORPORATIVA
Nombre corporativo (En letras Mayúsculas) Carrera Profesional de Derecho
9 (RLIN) 47671
710 ## - PUNTO DE ACCESO ADICIONAL--NOMBRE DE ENTIDAD CORPORATIVA
Nombre corporativo (En letras Mayúsculas) Universidad Nacional de San Antonio Abad del Cusco
9 (RLIN) 15942
942 ## - ELEMENTOS DE PUNTO DE ACCESO ADICIONAL (KOHA)
Fuente de clasificación
Tipo de item Revistas cusqueñas
945 ## - PROCESAMIENTO DE INFORMACIÓN LOCAL (OCLC)
Catalogador rac
Holdings
Estado de retiro (separado) Fuente de clasificación o esquema de estanterías Estado dañado Ubicación Sala donde se ubica Nombre de la colección Fecha de adquisición o compra Costo, precio normal en soles Signatura topográfica Código de Barras Última vez visto (Koha) Tipo de ítem (Koha)
No     Sala Hemeroteca Sala Hemeroteca Book Cart 2022-03-28 5.00 Propuesta/N°7/2001 REVC000832 2022-03-28 Revistas cusqueñas
No     Sala Hemeroteca Sala Hemeroteca Book Cart 2022-03-28 5.00 Propuesta/N°7/2001/e.2 REVC000833 2022-03-28 Revistas cusqueñas
No     Sala Hemeroteca Sala Hemeroteca Book Cart 2022-03-28 5.00 Propuesta/N°7/2001/e.3 REVC000834 2022-03-28 Revistas cusqueñas

Powered by Koha